[Event "Bavaria-ch 94th"]
[Site "Rosenheim"]
[Date "2023.08.26"]
[Round "9"]
[White "Schlichtmann, Robin"]
[Black "Maurer, Jochen"]
[Result "1/2-1/2"]
[WhiteElo "2277"]
[BlackElo "2184"]
[PlyCount "34"]
[EventDate "2023.08.20"]
[EventType "tourn"]
[EventRounds "9"]
[EventCountry "GER"]
[SourceTitle "CBM 215 Extra"]
[Source "ChessBase"]
[SourceDate "2023.09.30"]
[SourceVersion "1"]
[SourceVersionDate "2023.09.30"]
[SourceQuality "1"]

1. e4 c5 2. Nf3 e6 3. c3 d5 4. exd5 Qxd5 5. d4 Nf6 6. Na3 a6 7. Nc4 Nbd7 8. Be2 b5 9. Ne3 Qc6 10. a4 Bb7 11. axb5 axb5 12. Rxa8+ Bxa8 13. dxc5 Qxc5 14. Nc2 Be7 15. Be3 Qc7 16. 0-0 0-0 17. Ncd4 b4 1/2-1/2

[Event "Bavaria-ch 94th"]
[Site "Rosenheim"]
[Date "2023.08.25"]
[Round "8"]
[White "Maurer, Jochen"]
[Black "Schmid, Roland1111"]
[Result "1/2-1/2"]
[WhiteElo "2184"]
[BlackElo "2212"]
[PlyCount "57"]
[EventDate "2023.08.20"]
[EventType "tourn"]
[EventRounds "9"]
[EventCountry "GER"]
[SourceTitle "CBM 215 Extra"]
[Source "ChessBase"]
[SourceDate "2023.09.30"]
[SourceVersion "1"]
[SourceVersionDate "2023.09.30"]
[SourceQuality "1"]

1. e4 c6 2. Nf3 d5 3. d3 dxe4 4. dxe4 Qxd1+ 5. Kxd1 f6 6. Nbd2 e5 7. Ne1 Nh6 8. a4 Nd7 9. f3 Nf7 10. Nc4 Nb6 11. Be3 Nxc4 12. Bxc4 Bd6 13. Ke2 Ke7 14. Nd3 Be6 15. Bxe6 Kxe6 16. Nc5+ Bxc5 17. Bxc5 b6 18. Bf2 Nd6 19. Rhd1 Rhd8 20. g4 Nb7 21. h4 c5 22. h5 Rxd1 23. Rxd1 Rd8 24. Rxd8 Nxd8 25. Kd3 Kd6 26. Kc4 Ne6 27. Be3 Kc6 28. b4 a6 29. bxc5 1/2-1/2

[Event "Bavaria-ch 94th"]
[Site "Rosenheim"]
[Date "2023.08.22"]
[Round "3"]
[White "Maurer, Jochen"]
[Black "Loew, Gerald"]
[Result "1-0"]
[WhiteElo "2184"]
[BlackElo "2146"]
[PlyCount "93"]
[EventDate "2023.08.20"]
[EventType "tourn"]
[EventRounds "9"]
[EventCountry "GER"]
[SourceTitle "CBM 215 Extra"]
[Source "ChessBase"]
[SourceDate "2023.09.30"]
[SourceVersion "1"]
[SourceVersionDate "2023.09.30"]
[SourceQuality "1"]

1. e4 c5 2. c3 d5 3. exd5 Qxd5 4. d4 g6 5. Nf3 Bg7 6. Nbd2 cxd4 7. Bc4 Qh5 8. 0-0 Nf6 9. Qb3 0-0 10. Nxd4 Nc6 11. Nxc6 bxc6 12. Re1 Qc5 13. Nf3 Ng4 14. Re2 a5 15. h3 a4 16. Qb4 Qxb4 17. cxb4 Nf6 18. Ne5 Ba6 19. Bxa6 Rxa6 20. Bd2 Nd5 21. Rc1 Bxe5 22. Rxe5 Rd8 23. a3 Rd6 24. Rc5 f6 25. Re4 e5 26. Rec4 Nc7 27. Rc2 Nb5 28. Be3 Kf7 29. Kf1 Ke6 30. g4 f5 31. f4 e4 32. gxf5+ gxf5 33. Re5+ Kf6 34. Rcc5 Rd1+ 35. Ke2 Rb1 36. Rxf5+ Kg6 37. Rg5+ Kf6 38. Rcf5+ Ke6 39. Re5+ Kf6 40. Rxe4 Rxb2+ 41. Kf3 Rb3 42. Kg4 Rxa3 43. Rf5+ Kg7 44. Re7+ Kg8 45. Bc5 Rc3 46. Re8+ Kg7 47. Bf8+ 1-0

[Event "Bavaria-ch 94th"]
[Site "Rosenheim"]
[Date "2023.08.22"]
[Round "4"]
[White "Reimann, Sebastian"]
[Black "Maurer, Jochen"]
[Result "1-0"]
[WhiteElo "2277"]
[BlackElo "2184"]
[PlyCount "85"]
[EventDate "2023.08.20"]
[EventType "tourn"]
[EventRounds "9"]
[EventCountry "GER"]
[SourceTitle "CBM 215 Extra"]
[Source "ChessBase"]
[SourceDate "2023.09.30"]
[SourceVersion "1"]
[SourceVersionDate "2023.09.30"]
[SourceQuality "1"]

1. e4 c5 2. Nf3 e6 3. g3 d5 4. exd5 exd5 5. Bb5+ Bd7 6. Bxd7+ Nxd7 7. 0-0 Bd6 8. d4 c4 9. Nc3 Ne7 10. Nh4 Bb4 11. Qf3 Bxc3 12. bxc3 0-0 13. Ba3 Re8 14. Bxe7 Qxe7 15. Qxd5 Nb6 16. Qf3 Qe2 17. Qxb7 Qxc2 18. Rfc1 Qd3 19. a4 Rab8 20. Qf3 g5 21. a5 gxh4 22. Qxd3 cxd3 23. axb6 Rxb6 24. Rd1 h3 25. Rxd3 a5 26. g4 Rg6 27. Rxh3 Rxg4+ 28. Kf1 Ra8 29. Ra4 f5 30. Ke2 Kf7 31. Rxh7+ Kg6 32. Re7 Rh4 33. Re6+ Kg5 34. Re5 Rxh2 35. Raxa5 Rf8 36. Re3 Kf4 37. Rf3+ Kg4 38. Rg3+ Kf4 39. Re5 Rf6 40. Ree3 Rb6 41. Rgf3+ Kg4 42. Re8 Rg6 43. Rg3+ 1-0

[Event "AUT-chT2W 2223"]
[Site "Austria"]
[Date "2023.04.23"]
[Round "11.6"]
[White "Maurer, Jochen"]
[Black "Bezler, Rainer"]
[Result "1-0"]
[WhiteElo "2203"]
[BlackElo "2230"]
[PlyCount "81"]
[EventDate "2022.09.23"]
[EventType "team-tourn"]
[EventRounds "11"]
[EventCountry "AUT"]
[SourceTitle "EXT 2024"]
[Source "ChessBase"]
[SourceDate "2023.10.10"]
[SourceVersion "1"]
[SourceVersionDate "2023.10.10"]
[SourceQuality "1"]
[WhiteTeam "Kufstein/Woergl"]
[BlackTeam "Lustenau"]
[WhiteTeamCountry "AUT"]
[BlackTeamCountry "AUT"]

1. e4 d6 2. d4 Nf6 3. Nc3 g6 4. Be3 c6 5. h3 b5 6. Bd3 b4 7. Nce2 Bb7 8. a3 bxa3 9. Rxa3 Nbd7 10. Nf3 Bg7 11. Ng3 0-0 12. 0-0 c5 13. d5 Qc7 14. b3 e6 15. c4 Rfe8 16. Bf4 Bc8 17. Re1 e5 18. Bd2 Rb8 19. Bc2 Nb6 20. Bc3 Nbd7 21. Rf1 Nf8 22. Ne1 N6d7 23. Qa1 a6 24. Nd3 f6 25. Rb1 Nb6 26. Rf1 Nbd7 27. Ba5 Nb6 28. Qc1 Re7 29. f4 Re8 30. f5 g5 31. Bd1 Nfd7 32. Nh5 Ra8 33. Ra2 Bb7 34. g4 Reb8 35. Rh2 Qd8 36. h4 Bc8 37. Rh3 Ra7 38. hxg5 fxg5 39. Nxg7 Kxg7 40. f6+ Kg6 41. Rf5 1-0

[Event "AUT-chT2W 2223"]
[Site "Austria"]
[Date "2023.04.21"]
[Round "9.6"]
[White "Schranzhofer, Marco"]
[Black "Maurer, Jochen"]
[Result "0-1"]
[WhiteElo "1831"]
[BlackElo "2203"]
[PlyCount "58"]
[EventDate "2022.09.23"]
[EventType "team-tourn"]
[EventRounds "11"]
[EventCountry "AUT"]
[SourceTitle "EXT 2024"]
[Source "ChessBase"]
[SourceDate "2023.10.10"]
[SourceVersion "1"]
[SourceVersionDate "2023.10.10"]
[SourceQuality "1"]
[WhiteTeam "Pradl"]
[BlackTeam "Kufstein/Woergl"]
[WhiteTeamCountry "AUT"]
[BlackTeamCountry "AUT"]

1. e4 c5 2. Nf3 e6 3. d4 cxd4 4. Nxd4 a6 5. Bd3 Bc5 6. Nb3 Ba7 7. 0-0 Nc6 8. Qe2 Nge7 9. Be3 0-0 10. c4 d5 11. Bxa7 Rxa7 12. exd5 exd5 13. Rd1 d4 14. Na3 b6 15. Nc2 Rd7 16. Rd2 Ng6 17. Bxg6 hxg6 18. Rad1 Re8 19. Qf1 Qg5 20. Ncxd4 Nxd4 21. Rxd4 Rxd4 22. Rxd4 Bb7 23. h4 Qf6 24. Qd1 Re6 25. c5 Qe7 26. Rd8+ Kh7 27. Kf1 Qxh4 28. f3 Bc6 29. Nc1 Bb5+ 0-1

[Event "AUT-chT2W 2223"]
[Site "Austria"]
[Date "2023.01.21"]
[Round "7.6"]
[White "Maurer, Jochen"]
[Black "De Francesco, Klaus"]
[Result "1/2-1/2"]
[WhiteElo "2203"]
[BlackElo "2180"]
[PlyCount "60"]
[EventDate "2022.09.23"]
[EventType "team-tourn"]
[EventRounds "11"]
[EventCountry "AUT"]
[SourceTitle "CBM 213 Extra"]
[Source "ChessBase"]
[SourceDate "2023.05.31"]
[SourceVersion "1"]
[SourceVersionDate "2023.05.31"]
[SourceQuality "1"]
[WhiteTeam "Kufstein/Woergl"]
[BlackTeam "Absam"]
[WhiteTeamCountry "AUT"]
[BlackTeamCountry "AUT"]

1. e4 e6 2. d4 d5 3. e5 c5 4. c3 Nc6 5. Nf3 Bd7 6. Be2 Nge7 7. 0-0 Ng6 8. g3 cxd4 9. cxd4 Be7 10. h4 0-0 11. h5 Nh8 12. Nc3 f6 13. exf6 Bxf6 14. Be3 Nf7 15. Na4 b6 16. Rc1 Nd6 17. Bf4 Nf5 18. Be5 Nxe5 19. dxe5 Be7 20. a3 Qe8 21. Nc3 Rd8 22. Nd4 Qf7 23. Bg4 Nxd4 24. Qxd4 Bc5 25. Qd2 a5 26. Ne2 Qe7 27. Nd4 a4 28. Kg2 Rc8 29. f4 Kh8 30. Qd3 Qe8 1/2-1/2

[Event "AUT-chT2W 2223"]
[Site "Austria"]
[Date "2022.11.12"]
[Round "4.6"]
[White "Maurer, Jochen"]
[Black "Szakolczai, Peter"]
[Result "1/2-1/2"]
[WhiteElo "2203"]
[BlackElo "2130"]
[PlyCount "72"]
[EventDate "2022.09.23"]
[EventType "team-tourn"]
[EventRounds "11"]
[EventCountry "AUT"]
[SourceTitle "CBM 213 Extra"]
[Source "ChessBase"]
[SourceDate "2023.05.31"]
[SourceVersion "1"]
[SourceVersionDate "2023.05.31"]
[SourceQuality "1"]
[WhiteTeam "Kufstein/Woergl"]
[BlackTeam "Dornbirn"]
[WhiteTeamCountry "AUT"]
[BlackTeamCountry "AUT"]

1. e4 c5 2. Nf3 Nc6 3. Bb5 Nf6 4. Bxc6 dxc6 5. d3 Bg4 6. Be3 Nd7 7. Nbd2 e5 8. h3 Bh5 9. a3 Be7 10. Qb1 a5 11. 0-0 0-0 12. a4 Kh8 13. Nh2 Bg5 14. Qe1 h6 15. Nc4 Bxe3 16. fxe3 Qc7 17. g4 Bg6 18. Nf3 b5 19. axb5 cxb5 20. Nxa5 Ra6 21. Nb3 Rfa8 22. Nh4 c4 23. Nxg6+ fxg6 24. Rxa6 Rxa6 25. Nc1 cxd3 26. Nxd3 Nf6 27. Qb4 Ra4 28. Qxb5 Rxe4 29. Nc5 Rxe3 30. Rxf6 gxf6 31. Qe8+ Kh7 32. Ne6 Rg3+ 33. Kh2 Qxc2+ 34. Kxg3 Qd3+ 35. Kf2 Qd2+ 36. Kf1 Qd1+ 1/2-1/2

[Event "AUT-chT2W 2223"]
[Site "Austria"]
[Date "2022.09.25"]
[Round "3.6"]
[White "Maurer, Jochen"]
[Black "Hamzic, Vahidin"]
[Result "1/2-1/2"]
[WhiteElo "2203"]
[BlackElo "2030"]
[PlyCount "108"]
[EventDate "2022.09.23"]
[EventType "team-tourn"]
[EventRounds "11"]
[EventCountry "AUT"]
[SourceTitle "CBM 210 Extra"]
[Source "ChessBase"]
[SourceDate "2022.11.30"]
[SourceVersion "1"]
[SourceVersionDate "2022.11.30"]
[SourceQuality "1"]
[WhiteTeam "Kufstein/Woergl"]
[BlackTeam "Schwarzach"]
[WhiteTeamCountry "AUT"]
[BlackTeamCountry "AUT"]

1. e4 c5 2. Nf3 d6 3. Bb5+ Nd7 4. d4 cxd4 5. Qxd4 a6 6. Bxd7+ Qxd7 7. 0-0 Nf6 8. Bg5 e5 9. Qd3 Qc6 10. Bxf6 gxf6 11. Nc3 Be6 12. Nd5 Bxd5 13. exd5 Qd7 14. Nh4 h5 15. Nf5 h4 16. c4 Rh5 17. g4 hxg3 18. fxg3 Rg5 19. Rac1 Be7 20. b4 b6 21. Qf3 Bd8 22. Qf2 Rb8 23. Qf3 Rc8 24. Ne3 Be7 25. Kg2 Kf8 26. Nf5 Bd8 27. a3 Kg8 28. Qe4 Be7 29. Rc2 Bf8 30. Re2 b5 31. Ne3 Bg7 32. cxb5 axb5 33. Rf5 Rg6 34. Qd3 Rc7 35. Ref2 Rc8 36. Rc2 Rxc2+ 37. Qxc2 Qa7 38. Qc3 Bh6 39. Kf3 Bxe3 40. Qxe3 Qd7 41. g4 Qc7 42. Kg3 Qc4 43. Qf3 Kg7 44. h4 Qd4 45. h5 Rg5 46. h6+ Kh7 47. Rxg5 e4 48. Qf4 fxg5 49. Qxg5 Qc3+ 50. Kf2 Qf3+ 51. Ke1 Qc3+ 52. Ke2 Qd3+ 53. Ke1 Qc3+ 54. Ke2 Qd3+ 1/2-1/2

[Event "AUT-chT2W 2223"]
[Site "Austria"]
[Date "2022.09.24"]
[Round "2.6"]
[White "Kobl, Rudolf"]
[Black "Maurer, Jochen"]
[Result "1/2-1/2"]
[WhiteElo "2099"]
[BlackElo "2203"]
[PlyCount "71"]
[EventDate "2022.09.23"]
[EventType "team-tourn"]
[EventRounds "11"]
[EventCountry "AUT"]
[SourceTitle "CBM 210 Extra"]
[Source "ChessBase"]
[SourceDate "2022.11.30"]
[SourceVersion "1"]
[SourceVersionDate "2022.11.30"]
[SourceQuality "1"]
[WhiteTeam "Salzburg Royal"]
[BlackTeam "Kufstein/Woergl"]
[WhiteTeamCountry "AUT"]
[BlackTeamCountry "AUT"]

1. e4 d6 2. d4 Nf6 3. Nc3 e5 4. Nf3 Nbd7 5. Bc4 Be7 6. 0-0 0-0 7. h3 c6 8. a4 h6 9. Re1 Re8 10. Be3 exd4 11. Nxd4 d5 12. exd5 Nb6 13. Bb3 Nbxd5 14. Nxd5 Nxd5 15. Qf3 Bf6 16. Bxd5 Qxd5 17. Qxd5 cxd5 18. Nb5 Re7 19. Bc5 Rxe1+ 20. Rxe1 Bd7 21. c3 a6 22. Nc7 Rc8 23. Bb6 Bxa4 24. Nxd5 Bg5 25. f4 Bc6 26. fxg5 Bxd5 27. gxh6 gxh6 28. Re5 Bc6 29. Be3 Kg7 30. Rh5 Re8 31. Kf2 Re6 32. g3 Be4 33. Rc5 Rc6 34. Bd4+ Kg6 35. Rxc6+ Bxc6 36. g4 1/2-1/2

[Event "Oberliga Bayern 1819"]
[Site "Bayern"]
[Date "2019.04.07"]
[Round "9.4"]
[White "Oberhofer, Cedric"]
[Black "Maurer, Jochen"]
[Result "1/2-1/2"]
[WhiteElo "2213"]
[BlackElo "2213"]
[PlyCount "97"]
[EventDate "2018.10.21"]
[EventType "team-tourn"]
[EventRounds "9"]
[EventCountry "GER"]
[SourceTitle "EXT 2020"]
[Source "ChessBase"]
[SourceDate "2019.10.17"]
[SourceVersion "1"]
[SourceVersionDate "2019.10.17"]
[SourceQuality "1"]
[WhiteTeam "Regensburg Bavaria"]
[BlackTeam "Pang/Rosenheim"]
[WhiteTeamCountry "GER"]
[BlackTeamCountry "GER"]

1. d4 d5 2. c4 e6 3. Nf3 Nf6 4. g3 dxc4 5. Bg2 a6 6. 0-0 Nc6 7. e3 Bd7 8. Qe2 Rb8 9. Qxc4 Bd6 10. Nc3 0-0 11. e4 e5 12. dxe5 Nxe5 13. Nxe5 Bxe5 14. Rd1 Qe7 15. Be3 Rfd8 16. Bc5 Qe8 17. Qe2 b6 18. Be3 Bxc3 19. bxc3 Bb5 20. c4 Ba4 21. Rxd8 Rxd8 22. Bf4 Qd7 23. e5 Bd1 24. Qe1 Qd4 25. Rc1 Ne8 26. e6 fxe6 27. Qxe6+ Kh8 28. Qe7 Qf6 29. Qxf6 gxf6 30. Bc6 Bg4 31. Re1 Nd6 32. Bd5 Bh3 33. f3 c6 34. Bxc6 Nxc4 35. Kf2 Nb2 36. Be4 Be6 37. Bb1 Bc4 38. Bc7 Rd2+ 39. Ke3 Rxh2 40. Bxb6 Kg7 41. Bd4 Bd5 42. Kf4 Kf7 43. Bc5 Be6 44. g4 Rd2 45. Bxh7 Nd3+ 46. Bxd3 Rxd3 47. a3 Bd5 48. Rf1 a5 49. Rf2 1/2-1/2

[Event "AUT-chT2W 1819"]
[Site "Austria"]
[Date "2019.02.09"]
[Round "7.4"]
[White "Everett, Elijah David"]
[Black "Maurer, Jochen"]
[Result "0-1"]
[WhiteElo "2232"]
[BlackElo "2213"]
[PlyCount "56"]
[EventDate "2018.10.12"]
[EventType "team-tourn"]
[EventRounds "11"]
[EventCountry "AUT"]
[SourceTitle "CBM 189 Extra"]
[Source "ChessBase"]
[SourceDate "2019.06.03"]
[SourceVersion "1"]
[SourceVersionDate "2019.06.03"]
[SourceQuality "1"]
[WhiteTeam "Pradl"]
[BlackTeam "Kufstein/Woergl"]
[WhiteTeamCountry "AUT"]
[BlackTeamCountry "AUT"]

1. e4 c5 2. Nf3 e6 3. d4 cxd4 4. Nxd4 Nc6 5. Nc3 Qc7 6. g3 a6 7. Bg2 d6 8. 0-0 Bd7 9. Re1 Nf6 10. Nxc6 bxc6 11. Na4 Rb8 12. c4 c5 13. Nc3 Be7 14. Bf4 e5 15. Bc1 0-0 16. b3 h6 17. f4 exf4 18. Bxf4 Rbd8 19. Qc2 Rfe8 20. e5 dxe5 21. Bxe5 Qa5 22. Ne4 Qb6 23. Qb2 Nxe4 24. Bxe4 Bf8 25. Bc3 Bc6 26. Qg2 Bxe4 27. Rxe4 Qb7 28. Rae1 f5 0-1

[Event "Oberliga Bayern 1718"]
[Site "Bayern"]
[Date "2018.02.25"]
[Round "7.8"]
[White "Maurer, Jochen"]
[Black "Grabmeier, Johannes"]
[Result "1-0"]
[WhiteElo "2211"]
[BlackElo "1909"]
[PlyCount "53"]
[EventDate "2017.10.22"]
[EventType "team-tourn"]
[EventRounds "9"]
[EventCountry "GER"]
[SourceTitle "EXT 2020"]
[Source "ChessBase"]
[SourceDate "2019.10.17"]
[SourceVersion "1"]
[SourceVersionDate "2019.10.17"]
[SourceQuality "1"]
[WhiteTeam "Pang/Rosenheim"]
[BlackTeam "Deggendorf"]
[WhiteTeamCountry "GER"]
[BlackTeamCountry "GER"]

1. d4 c5 2. c3 g6 3. e4 Bg7 4. Nf3 Nh6 5. Bc4 cxd4 6. cxd4 0-0 7. 0-0 d6 8. h3 Nc6 9. Nc3 Kh8 10. Be3 Ng8 11. Rc1 Bd7 12. d5 Na5 13. Bd3 b6 14. b4 Rc8 15. Nb5 Rxc1 16. Qxc1 Bxb5 17. Bxb5 Nb7 18. Qc6 Qb8 19. Rc1 e6 20. Ba6 Nd8 21. Qb5 Ne7 22. Qd7 Bf6 23. Bh6 Rg8 24. Bg5 Kg7 25. Bxf6+ Kxf6 26. Rc7 Re8 27. Qxe8 1-0

[Event "AUT-chT2W 1617"]
[Site "Austria"]
[Date "2017.03.03"]
[Round "9.2"]
[White "Maurer, Jochen"]
[Black "Lins, Philipp"]
[Result "1-0"]
[WhiteElo "2261"]
[BlackElo "2131"]
[PlyCount "49"]
[EventDate "2016.10.28"]
[EventType "team-tourn"]
[EventRounds "11"]
[EventCountry "AUT"]
[SourceTitle "CBM 177 Extra"]
[Source "ChessBase"]
[SourceDate "2017.04.27"]
[SourceVersion "1"]
[SourceVersionDate "2017.04.27"]
[SourceQuality "1"]
[WhiteTeam "Kufstein/Woergl"]
[BlackTeam "Pradl"]
[WhiteTeamCountry "AUT"]
[BlackTeamCountry "AUT"]

1. e4 d6 2. d4 Nf6 3. Nc3 c6 4. f4 Qa5 5. e5 Ne4 6. Nf3 Bg4 7. h3 Nxc3 8. bxc3 Qxc3+ 9. Bd2 Bxf3 10. Qb1 Qxd4 11. Qxb7 Qb6 12. Qxa8 Bd5 13. a4 e6 14. a5 Qb2 15. Ra4 c5 16. Qxa7 Nc6 17. Qb6 Qxb6 18. axb6 Kd7 19. Bb5 Kc8 20. 0-0 Nd4 21. Ba6+ Kb8 22. c3 Nc6 23. Bb5 f6 24. c4 Be4 25. Re1 1-0

[Event "AUT-chT2W 1617"]
[Site "Austria"]
[Date "2017.01.21"]
[Round "7.2"]
[White "Maiwald, Jens Uwe"]
[Black "Maurer, Jochen"]
[Result "1-0"]
[WhiteElo "2448"]
[BlackElo "2261"]
[PlyCount "65"]
[EventDate "2016.10.28"]
[EventType "team-tourn"]
[EventRounds "11"]
[EventCountry "AUT"]
[SourceTitle "CBM 177 Extra"]
[Source "ChessBase"]
[SourceDate "2017.04.27"]
[SourceVersion "1"]
[SourceVersionDate "2017.04.27"]
[SourceQuality "1"]
[WhiteTeam "Zillertal"]
[BlackTeam "Kufstein/Woergl"]
[WhiteTeamCountry "AUT"]
[BlackTeamCountry "AUT"]

1. d4 d6 2. Bg5 Nd7 3. c4 Ngf6 4. Nc3 e5 5. e3 Be7 6. Bd3 0-0 7. Nge2 Re8 8. 0-0 c6 9. Rc1 Nf8 10. Qd2 exd4 11. Nxd4 Ne6 12. Bxf6 Bxf6 13. Nde2 Nc5 14. b4 Nxd3 15. Qxd3 a5 16. b5 a4 17. Rfd1 Be6 18. bxc6 bxc6 19. Qxd6 Qa5 20. Nd4 Bxc4 21. Nxc6 Qh5 22. Nd5 Bxd5 23. Rxd5 Qe2 24. Rd2 Qb5 25. Qd7 Qb6 26. g3 a3 27. Kg2 h6 28. Rc4 Qa6 29. Rdc2 Re6 30. Nb4 Qa7 31. Rc7 Qb6 32. Qxf7+ Kh8 33. Nd5 1-0

[Event "Oberliga Bayern 1617"]
[Site "Bayern"]
[Date "2016.11.20"]
[Round "2.4"]
[White "Lochte, Thomas"]
[Black "Maurer, Jochen"]
[Result "1-0"]
[WhiteElo "2095"]
[BlackElo "2183"]
[PlyCount "39"]
[EventDate "2016.10.16"]
[EventType "team-tourn"]
[EventRounds "9"]
[EventCountry "GER"]
[SourceTitle "EXT 2019"]
[Source "ChessBase"]
[SourceDate "2018.10.10"]
[SourceVersion "1"]
[SourceVersionDate "2018.10.10"]
[SourceQuality "1"]
[WhiteTeam "Weilheim"]
[BlackTeam "Pang/Rosenheim"]
[WhiteTeamCountry "GER"]
[BlackTeamCountry "GER"]

1. e4 d6 2. d4 Nf6 3. Nc3 e5 4. Nf3 exd4 5. Nxd4 Be7 6. Be2 0-0 7. Be3 Re8 8. 0-0 Bf8 9. Bg5 c6 10. f4 Nbd7 11. Kh1 Qb6 12. Nf5 Qxb2 13. Rf3 Qb4 14. Rb1 Qc5 15. Bd3 g6 16. Qe1 gxf5 17. Qh4 Bg7 18. Rg3 Qxc3 19. e5 Nxe5 20. Bxf6 1-0

[Event "Oberliga Bayern 1516"]
[Site "Bayern"]
[Date "2016.01.31"]
[Round "6.6"]
[White "Maurer, Jochen"]
[Black "Liepold, Stefan"]
[Result "1/2-1/2"]
[WhiteElo "2196"]
[BlackElo "2164"]
[PlyCount "69"]
[EventDate "2015.10.11"]
[EventType "team-tourn"]
[EventRounds "9"]
[EventCountry "GER"]
[SourceTitle "EXT 2018"]
[Source "ChessBase"]
[SourceDate "2017.10.13"]
[SourceVersion "1"]
[SourceVersionDate "2017.10.13"]
[SourceQuality "1"]
[WhiteTeam "Pang/Rosenheim"]
[BlackTeam "Erlangen SC"]
[WhiteTeamCountry "GER"]
[BlackTeamCountry "GER"]

1. e4 e6 2. d4 d5 3. Nc3 Nf6 4. e5 Nfd7 5. f4 c5 6. Nf3 Nc6 7. Be3 cxd4 8. Nxd4 Bc5 9. Qd2 0-0 10. 0-0-0 a6 11. Qf2 Nxd4 12. Bxd4 Bxd4 13. Qxd4 b5 14. h4 Rb8 15. Bd3 Qb6 16. Ne2 a5 17. Rhe1 b4 18. f5 Qxd4 19. Nxd4 Rb6 20. Bb5 Nc5 21. g4 Ba6 22. Bxa6 Rxa6 23. Re3 Ne4 24. a4 Rc8 25. b3 h6 26. Kb2 Rb6 27. Rg1 Rc3 28. Rge1 Rxe3 29. Rxe3 Nf2 30. Rg3 Ne4 31. Re3 Nf2 32. Rg3 Ne4 33. Re3 Nf2 34. Rg3 Ne4 35. Re3 1/2-1/2

[Event "Oberliga Bayern 1516"]
[Site "Bayern"]
[Date "2016.01.17"]
[Round "5.5"]
[White "Maurer, Jochen"]
[Black "Bergauz, Avigdor"]
[Result "0-1"]
[WhiteElo "2196"]
[BlackElo "2154"]
[PlyCount "96"]
[EventDate "2015.10.11"]
[EventType "team-tourn"]
[EventRounds "9"]
[EventCountry "GER"]
[SourceTitle "EXT 2018"]
[Source "ChessBase"]
[SourceDate "2017.10.13"]
[SourceVersion "1"]
[SourceVersionDate "2017.10.13"]
[SourceQuality "1"]
[WhiteTeam "Pang/Rosenheim"]
[BlackTeam "Muenchen Suedost"]
[WhiteTeamCountry "GER"]
[BlackTeamCountry "GER"]

1. e4 c6 2. c4 d5 3. cxd5 cxd5 4. exd5 Nf6 5. Nc3 g6 6. Bc4 Bg7 7. Nge2 0-0 8. 0-0 Nbd7 9. d3 Nb6 10. Qb3 Bf5 11. Ng3 Rc8 12. Re1 Re8 13. Nxf5 gxf5 14. Bf4 Nfd7 15. Re3 Nxc4 16. dxc4 Nb6 17. Qc2 Rxc4 18. Qxf5 Nxd5 19. Nxd5 e6 20. Qh5 exd5 21. Bg5 Qd7 22. Rd1 Re6 23. b3 Rc2 24. Qg4 Qc6 25. Rg3 Rg6 26. Qf5 h6 27. Be3 d4 28. Bf4 Rxa2 29. Rc1 Qe6 30. Qd3 Rb2 31. h4 Rxg3 32. Qxg3 Rxb3 33. f3 d3 34. h5 Kh7 35. Re1 Qb6+ 36. Kh2 Rb5 37. Qh4 Rb1 38. Be3 Qc7+ 39. Bf4 Qb6 40. Be3 Rb4 41. Qe7 Qa5 42. Bc5 Rc4 43. Rc1 Qxc5 44. Qxc5 Rxc5 45. Rxc5 d2 46. Rd5 Bc3 47. Kg3 a5 48. Kf2 a4 0-1

[Event "Oberliga Bayern 1516"]
[Site "Bayern"]
[Date "2015.10.25"]
[Round "2.5"]
[White "Testor, Sebastian"]
[Black "Maurer, Jochen"]
[Result "1-0"]
[WhiteElo "2307"]
[BlackElo "2196"]
[PlyCount "55"]
[EventDate "2015.10.11"]
[EventType "team-tourn"]
[EventRounds "9"]
[EventCountry "GER"]
[SourceTitle "EXT 2018"]
[Source "ChessBase"]
[SourceDate "2017.10.13"]
[SourceVersion "1"]
[SourceVersionDate "2017.10.13"]
[SourceQuality "1"]
[WhiteTeam "Passau"]
[BlackTeam "Pang/Rosenheim"]
[WhiteTeamCountry "GER"]
[BlackTeamCountry "GER"]

1. d4 Nf6 2. c4 g6 3. Nc3 Bg7 4. e4 d6 5. Nf3 0-0 6. h3 e5 7. d5 Nh5 8. g3 f5 9. exf5 gxf5 10. Nh4 Nf4 11. Bd2 Na6 12. Qf3 Nc5 13. 0-0-0 Nfd3+ 14. Bxd3 e4 15. Qe2 Nxd3+ 16. Kb1 c6 17. Ng2 b5 18. cxb5 cxb5 19. Be3 b4 20. Nb5 Nxb2 21. Bd4 Nxd1 22. Rxd1 Qe7 23. Bxg7 Qxg7 24. Nd4 Bd7 25. Nf4 Rfc8 26. Qa6 Qe5 27. Nc6 b3 28. Nxe5 1-0

[Event "Wunsiedel op 9th"]
[Site "Wunsiedel"]
[Date "2015.05.17"]
[Round "7"]
[White "Maurer, Jochen"]
[Black "Womacka, Mathias"]
[Result "1/2-1/2"]
[WhiteElo "2265"]
[BlackElo "2447"]
[PlyCount "104"]
[EventDate "2015.05.14"]
[EventType "swiss"]
[EventRounds "7"]
[EventCountry "GER"]
[SourceTitle "CBM 166 Extra"]
[Source "ChessBase"]
[SourceDate "2015.06.18"]
[SourceVersion "1"]
[SourceVersionDate "2015.06.18"]
[SourceQuality "1"]

1. e4 c5 2. Nf3 d6 3. Bb5+ Nd7 4. d4 cxd4 5. Qxd4 a6 6. Bxd7+ Bxd7 7. c4 Rc8 8. 0-0 e5 9. Qd3 Qc7 10. b3 b5 11. Na3 Qb7 12. Bg5 h6 13. Bh4 Ne7 14. cxb5 axb5 15. Rac1 Ra8 16. Nc2 Ng6 17. Nb4 Nf4 18. Qe3 f6 19. Bg3 d5 20. Nxd5 Nxd5 21. exd5 Ba3 22. Rcd1 0-0 23. Nh4 Rfe8 24. Qe4 Bc5 25. Nf5 Bxf5 26. Qxf5 Bd4 27. Bf4 Qxd5 28. Bxh6 Qe6 29. Qxe6+ Rxe6 30. Be3 Bxe3 31. fxe3 Rxa2 32. Rf2 Ra3 33. Rb2 Rc6 34. Rd5 Rc3 35. Rxb5 Rxe3 36. Kf2 Rc3 37. Rb7 Kh7 38. b4 Rab3 39. Rxb3 Rxb3 40. b5 f5 41. b6 Kg6 42. h4 f4 43. Ke2 e4 44. Rb8 Rb2+ 45. Kf1 Kf5 46. b7 Kg4 47. h5 f3 48. gxf3+ exf3 49. Rg8 Rxb7 50. h6 Rb1+ 51. Kf2 Rb2+ 52. Kf1 Rb1+ 1/2-1/2

[Event "AUT-chT2W 1415"]
[Site "Austria"]
[Date "2015.03.07"]
[Round "10.2"]
[White "Webersberger, Johann"]
[Black "Maurer, Jochen"]
[Result "0-1"]
[WhiteElo "2374"]
[BlackElo "2268"]
[PlyCount "50"]
[EventDate "2014.10.10"]
[EventType "team-tourn"]
[EventRounds "11"]
[EventCountry "AUT"]
[SourceTitle "EXT 2016"]
[Source "ChessBase"]
[SourceDate "2015.10.08"]
[SourceVersion "1"]
[SourceVersionDate "2015.10.08"]
[SourceQuality "1"]
[WhiteTeam "Ranshofen"]
[BlackTeam "Kufstein/Woergl"]
[WhiteTeamCountry "AUT"]
[BlackTeamCountry "AUT"]

1. e4 c5 2. b3 d6 3. Bb2 Nc6 4. Bb5 Bd7 5. f4 Nf6 6. Qe2 a6 7. Bxc6 Bxc6 8. d3 e6 9. Nf3 Be7 10. c4 0-0 11. 0-0 b5 12. Nc3 Rb8 13. Nd2 Nd7 14. g4 Bf6 15. Nf3 Qa5 16. Qe1 b4 17. Nd1 Bxb2 18. Nxb2 Rbe8 19. a3 Qb6 20. axb4 f5 21. b5 axb5 22. Nh4 fxe4 23. cxb5 Bxb5 24. Qxe4 c4+ 25. d4 Nf6 0-1